Statistics for 16 Decade Volcanoes

Click here to take the quiz!

General Stats

  • This quiz has been taken 8 times
  • The average score is 5 of 16

Answer Stats

CountryAnswer% Correct
ItalyMount Vesuvius
100%
ItalyMount Etna
86%
SpainTeide
43%
RussiaAvachinsky-Koryaksky
29%
ColombiaGaleras
29%
United StatesMauna Loa
29%
IndonesiaMount Merapi
29%
United StatesMount Rainier
29%
JapanMount Unzen
29%
JapanSakurajima
29%
GuatemalaSanta María
29%
PhilippinesTaal Volcano
29%
Democratic Republic of the CongoMount Nyiragongo
14%
GreeceSantorini
14%
Papua New GuineaUlawun
14%
MexicoVolcán de Colima
0%

Score Distribution

Percentile by Number Answered

Percent of People with Each Score

Your Score History

You have not taken this quiz